UM Logo

Harvard business essentials : (Record no. 4812)

MARC details
000 -LEADER
fixed length control field 01383cam a22003134a 4500
001 - CONTROL NUMBER
control field 12864522
005 - DATE AND TIME OF LATEST TRANSACTION
control field 20160924142903.0
008 - FIXED-LENGTH DATA ELEMENTS--GENERAL INFORMATION
fixed length control field 020722s2002 mau b 001 0 eng
010 ## - LIBRARY OF CONGRESS CONTROL NUMBER
LC control number 2002011667
020 ## - INTERNATIONAL STANDARD BOOK NUMBER
International Standard Book Number 1-57851-876-8 (alk. paper)
040 ## - CATALOGING SOURCE
Original cataloging agency DLC
Transcribing agency DLC
Modifying agency DLC
042 ## - AUTHENTICATION CODE
Authentication code pcc
050 00 - LIBRARY OF CONGRESS CALL NUMBER
Classification number HG4026
Item number .L68 2002
082 00 - DEWEY DECIMAL CLASSIFICATION NUMBER
Classification number DC 658.15
Edition number 2002
Item number L96
100 1# - MAIN ENTRY--PERSONAL NAME
Personal name Luecke, Richard.
245 10 - TITLE STATEMENT
Title Harvard business essentials :
Remainder of title finance for managers/
Statement of responsibility, etc. Richard Luecke.
246 30 - VARYING FORM OF TITLE
Title proper/short title Finance for managers
260 ## - PUBLICATION, DISTRIBUTION, ETC. (IMPRINT)
Place of publication, distribution, etc. Boston, Mass. :
Name of publisher, distributor, etc. Harvard Business School Press,
Date of publication, distribution, etc. c2002.
300 ## - PHYSICAL DESCRIPTION
Extent xii, 210 pages ;
Dimensions 23 cm.
440 #4 - SERIES STATEMENT/ADDED ENTRY--TITLE
Title The Harvard business essentials series
504 ## - BIBLIOGRAPHY, ETC. NOTE
Bibliography, etc Includes bibliographical references (p. [200]-202) and index.
505 0# - FORMATTED CONTENTS NOTE
Formatted contents note Financial statements -- Finding meaning in financial statements -- Important accounting concepts -- Taxes -- Financing operations and growth -- Money and capital markets -- Budgeting -- Practical tools for management decisions -- The time value of money -- Valuation concepts.
650 #0 - SUBJECT ADDED ENTRY--TOPICAL TERM
Topical term or geographic name as entry element Corporations
General subdivision Finance.
650 #0 - SUBJECT ADDED ENTRY--TOPICAL TERM
Topical term or geographic name as entry element Business enterprises
General subdivision Finance.
365 ## - TRADE PRICE
Price amount 1,825.00
Currency code Php
906 ## - LOCAL DATA ELEMENT F, LDF (RLIN)
a 7
b cbc
c orignew
d 1
e ecip
f 20
g y-gencatlg
942 ## - ADDED ENTRY ELEMENTS (KOHA)
Source of classification or shelving scheme Dewey Decimal Classification
Koha item type Circulation
Holdings
Withdrawn status Lost status Source of classification or shelving scheme Damaged status Not for loan Collection code Home library Current library Shelving location Date acquired Source of acquisition Total Checkouts Full call number Barcode Date last seen Date last checked out Copy number Cost, replacement price Price effective from Koha item type
    Dewey Decimal Classification     Circulation UM Digos College - LIC UM Digos College - LIC Book Cart 09/25/2003 Purchased 1 DC 658.15 L96 2002 15913 05/15/2025 11/28/2022 1 1825.00 09/24/2016 Circulation